| 000 | 00380nam a2200133Ia 4500 | ||
|---|---|---|---|
| 008 | 230411s9999 xx 000 0 und d | ||
| 041 | _aeng | ||
| 082 | _aF/610.73/POT/PER/B00018 | ||
| 100 | _aPotter Patricia & Perry Anne | ||
| 245 | _aFundamentals of Nursing : Concepts process and practice | ||
| 260 |
_bMosby _aSt Louis _c1997 |
||
| 300 | _a1540p | ||
| 999 |
_c151542 _d151542 |
||